[Event "BEL-ch U18/20"]
[Site "Bruges"]
[Date "2012.04.11"]
[Round "5"]
[White "Schumacher, Raoul"]
[Black "Esser, Stefan"]
[Result "1-0"]
[WhiteElo "1477"]
[BlackElo "1594"]
[PlyCount "71"]
[EventDate "2012.04.08"]
[EventType "swiss"]
[EventRounds "9"]
[EventCountry "BEL"]
[SourceTitle "CBM 147 Extra"]
[Source "ChessBase"]
[SourceDate "2012.04.24"]
[SourceVersion "1"]
[SourceVersionDate "2012.04.24"]
[SourceQuality "1"]

1. Nf3 d5 2. c4 e6 3. g3 Nf6 4. Bg2 c5 5. 0-0 Nc6 6. b3 g6 7. Bb2 Bg7 8. d3 d4 9. e3 0-0 10. exd4 Ne8 11. Na3 Nxd4 12. Nxd4 cxd4 13. b4 Qe7 14. Nc2 e5 15. Re1 Qc7 16. a4 Bf5 17. Qd2 Nd6 18. c5 Nc8 19. b5 Ne7 20. Ba3 Rfd8 21. Nb4 Be6 22. Qb2 Nd5 23. Rac1 Rac8 24. Nxd5 Bxd5 25. Bxd5 Rxd5 26. c6 Bf8 27. Bxf8 Kxf8 28. Qb3 Rcd8 29. cxb7 Qxb7 30. Rc6 Qe7 31. f3 R5d6 32. Rec1 Qe6 33. Qxe6 Rxe6 34. Rxe6 fxe6 35. Rc7 Ra8 36. Rxh7 1-0

[Event "BEL-ch U18/20"]
[Site "Houffalize"]
[Date "2011.04.22"]
[Round "8"]
[White "Van Hille, Siegfried"]
[Black "Schumacher, Raoul"]
[Result "1-0"]
[WhiteElo "1689"]
[BlackElo "1617"]
[PlyCount "77"]
[EventDate "2011.04.17"]
[EventType "swiss"]
[EventRounds "9"]
[EventCountry "BEL"]
[SourceTitle "EXT 2012"]
[Source "ChessBase"]
[SourceDate "2011.11.24"]
[SourceVersion "1"]
[SourceVersionDate "2011.11.24"]
[SourceQuality "1"]

1. f4 Nh6 2. Nf3 d5 3. e3 g6 4. Be2 Bg7 5. 0-0 Nc6 6. d3 e5 7. fxe5 Nxe5 8. Nbd2 Nf5 9. Nb3 Ng4 10. Re1 0-0 11. Bf1 Re8 12. Re2 Bd7 13. e4 dxe4 14. dxe4 Nd6 15. Nfd2 Bb5 16. Re1 Bxf1 17. Nxf1 h5 18. h3 Ne5 19. c3 Nec4 20. Qc2 Qh4 21. Be3 Rxe4 22. Bf2 Qe7 23. Ng3 Rxe1+ 24. Rxe1 Qd7 25. Nc5 Qc6 26. b3 Nb6 27. c4 Re8 28. Rd1 Re5 29. Nd3 Rg5 30. Nb4 Qe8 31. c5 Qe5 32. Re1 Qf4 33. Nd3 Qh4 34. cxd6 Rxg3 35. Bxg3 Qxg3 36. dxc7 Bd4+ 37. Kh1 Kg7 38. Re8 g5 39. Qd2 1-0

[Event "BEL-ch U16"]
[Site "Houffalize"]
[Date "2009.04.15"]
[Round "4"]
[White "De Ridder, Dieter"]
[Black "Schumacher, Raoul"]
[Result "1-0"]
[WhiteElo "1914"]
[BlackElo "1471"]
[PlyCount "47"]
[EventDate "2009.04.13"]
[EventType "swiss"]
[EventRounds "9"]
[EventCountry "BEL"]
[SourceTitle "EXT 2012"]
[Source "ChessBase"]
[SourceDate "2011.11.24"]
[SourceVersion "1"]
[SourceVersionDate "2011.11.24"]
[SourceQuality "1"]

1. e4 d5 2. exd5 Qxd5 3. Nc3 Qa5 4. d4 c6 5. Bc4 Nf6 6. Nf3 Bf5 7. Bd2 Qc7 8. Ne5 Bg6 9. Bf4 Qd8 10. d5 Nbd7 11. Nxg6 hxg6 12. Qe2 cxd5 13. Nb5 Qa5+ 14. c3 0-0-0 15. Bc7 Nb6 16. Bxd8 dxc4 17. Bxb6 Qxb6 18. Qxc4+ Kb8 19. Qd4 Qxd4 20. Nxd4 e6 21. 0-0-0 a6 22. h3 Ne4 23. Rhe1 Be7 24. Rxe4 1-0

[Event "BEL-ch U16"]
[Site "Houffalize"]
[Date "2009.04.14"]
[Round "2"]
[White "Schumacher, Raoul"]
[Black "Decrop, Benjamin"]
[Result "1/2-1/2"]
[WhiteElo "1471"]
[BlackElo "1787"]
[PlyCount "65"]
[EventDate "2009.04.13"]
[EventType "swiss"]
[EventRounds "9"]
[EventCountry "BEL"]
[SourceTitle "EXT 2012"]
[Source "ChessBase"]
[SourceDate "2011.11.24"]
[SourceVersion "1"]
[SourceVersionDate "2011.11.24"]
[SourceQuality "1"]

1. Nf3 Nf6 2. c4 g6 3. g3 Bg7 4. Bg2 0-0 5. 0-0 d6 6. d4 Nbd7 7. Nbd2 e5 8. e3 c6 9. Rb1 e4 10. Ne1 d5 11. b4 b5 12. cxd5 cxd5 13. Nb3 Nb6 14. Nc5 Nfd7 15. Bd2 Nxc5 16. bxc5 Nc4 17. Nc2 a5 18. Bc1 Ba6 19. Re1 Qd7 20. Na3 Nxa3 21. Bxa3 b4 22. Bc1 Bc4 23. Rb2 Rfb8 24. Bd2 a4 25. Qa1 b3 26. a3 Qc6 27. Bf1 Rb5 28. Bxc4 dxc4 29. Qc1 Qd5 30. Bc3 Rd8 31. Qd2 h5 32. h4 Kh7 33. Rc1 1/2-1/2